Concise encyclopedia of polymer science and engineering /
Gespeichert in:
| Weitere Verfasser: | |
|---|---|
| Format: | Buch |
| Sprache: | Englisch |
| Veröffentlicht: |
New York :
John Wiley & Sons,
1990
|
| Ausgabe: | 1.vyd. |
| Schlagworte: | |
| Tags: |
Keine Tags, Fügen Sie das erste Tag hinzu!
|
MARC
| LEADER | 00000nam a22000003a 4500 | ||
|---|---|---|---|
| 001 | stu5033 | ||
| 005 | 20190206124539.9 | ||
| 008 | 931220s1990----xxu-----------------eng-d | ||
| 020 | |a 0-471-51253-2 | ||
| 040 | |a STU |b slo | ||
| 041 | 0 | |a eng | |
| 044 | |a xxu | ||
| 080 | |a 541.64 | ||
| 080 | |a 678(031) | ||
| 100 | 1 | |a Kroschwitz, Jacqueline I |4 com | |
| 245 | 1 | |a Concise encyclopedia of polymer science and engineering / |c Edit.: Kroschwitz,Jacqueline I | |
| 250 | |a 1.vyd. | ||
| 260 | |a New York : |b John Wiley & Sons, |c 1990 | ||
| 300 | |a 1341 s | ||
| 650 | 7 | |a polyméry |2 stusub | |
| 650 | 7 | |a makromolekulová chémia |2 stusub | |
| 650 | 7 | |a makromolekulové látky |2 stusub | |
| 996 | |b 284EK08594 |c E*78537 |l EE0101 |s P |a 0 |w stu5033_0001 | ||